LEADER 00492oas 2200205z- 450 001 9910678594203321 005 20241121131842.0 011 $a2674-1164 035 $a(CKB)4100000012098426 035 $a(DE-599)ZDB3136491-3 035 $a(EXLCZ)994100000012098426 100 $a20230712cuuuuuuuu -u- - 101 0 $aeng 200 00$aPoultry 210 $cMDPI 300 $aRefereed/Peer-reviewed 906 $aJOURNAL 912 $a9910678594203321 996 $aPoultry$92953924 997 $aUNINA